Mystery Football Club Scrambled - Statistics

General Stats
  • This quiz has been taken 118 times
  • The average score is 13 of 27
Answer Stats
Scramble Answer % Correct
JXAA Ajax
100%
YONL Lyon
100%
TROOP Porto
86%
VAACNLIE Valencia
64%
EEOORFNYD Feyenoord
61%
GUBMHAR Hamburg
60%
CCLIET Celtic
58%
OIALZ Lazio
57%
LSEED Leeds
56%
LLIEL Lille
55%
LLEEARMSI Marseille
52%
BBOALI Bilbao
49%
GGUEBR Brugge
45%
OANLIP Napoli
45%
AAAATTLN Atalanta
40%
NEVUUSTJ Juventus
40%
ERRSANG Rangers
40%
LLOOPVEIR Liverpool
39%
SEETLAWCN Newcastle
31%
SSSOOULA Sassuolo
31%
LSEHACE Chelsea
27%
NADLECHTR Anderlecht
26%
NAALERS Arsenal
26%
ZIIEPLG Leipzig
26%
Ultimate Football Club REAL MADRID
26%
BMOOUUNRHET Bournemouth
19%
LLLIVERRAA Villarreal
19%
No matching quizzes found
Score Distribution
Percent of People with Each Score
Percentile by Number Answered
Your Score History
You have not taken this quiz